Oblasti pôsobnosti zahraničnej politiky Slovenskej republiky

Stručná geograficko-demografická charakteristika Slovenska. Základné priestory medzinárodných aktivít Slovenska. Stredoeurópska dimenzia a Slovensko. Historické väzby Maďarska, Česka a Slovenska. Vzťahy so západoeurópskými krajinami a USA. Slovensko a bývalý priestor ZSSR. Svet a medzinárodné or...

ver descrição completa

Na minha lista:
Detalhes bibliográficos
Autor principal: Šmihula, Daniel
Formato: Capítulo de Livro
Idioma:eslovaco
Assuntos:
Tags: Adicionar Tag
Sem tags, seja o primeiro a adicionar uma tag!

MARC

LEADER 00000naa$a2200000$$$4500
001 0004192
005 20231004105505.1
041 0 |a slo 
044 |a CZ 
245 1 0 |a Oblasti pôsobnosti zahraničnej politiky Slovenskej republiky  |c aut. Daniel Šmihula 
520 |a Stručná geograficko-demografická charakteristika Slovenska. Základné priestory medzinárodných aktivít Slovenska. Stredoeurópska dimenzia a Slovensko. Historické väzby Maďarska, Česka a Slovenska. Vzťahy so západoeurópskými krajinami a USA. Slovensko a bývalý priestor ZSSR. Svet a medzinárodné organizácie. 
610 2 0 |a politika zahraničná 
610 2 0 |a politika zahraničnohospodárska 
610 2 0 |a Slovensko 
610 2 0 |a krajiny vyspelé 
610 2 0 |a SVE 
610 2 0 |a USA 
100 1 |a Šmihula, Daniel